|
|
|
|
| LEADER |
00000nam0a2200000 4500 |
| 001 |
594361 |
| 005 |
20240214094710.0 |
| 029 |
0 |
0 |
|a SU
|b 475-ХП-87
|f ОНИИТЭХим
|
| 035 |
|
|
|a (RuTPU)RU\TPU\tpu\8954
|
| 035 |
|
|
|a RU\TPU\tpu\8951
|
| 090 |
|
|
|a 594361
|
| 100 |
|
|
|a 20020618d1987 k y0rusy50 ca
|
| 101 |
0 |
|
|a rus
|
| 102 |
|
|
|a RU
|
| 105 |
|
|
|a y z 001zy
|
| 200 |
1 |
|
|a Теоретическая оценка предельно допустимых соотношений определяемого и мешающего компонентов при выборе условий инверсионно-вольтамперометрического анализа кристаллов антимонида индия легированного кадмием и цинком
|f Г. Б. Слепченко [и др.]
|
| 210 |
|
|
|a Томск
|d 1987
|
| 215 |
|
|
|a 11 с.
|
| 320 |
|
|
|a Библиогр.: 7 назв. - Деп. в ОНИИТЭХим, г Черкассы, 04.05.87, № 475-ХП-87.
|
| 610 |
1 |
|
|a труды учёных ТПУ
|
| 701 |
|
1 |
|a Слепченко
|b Г. Б.
|c химик
|c профессор Томского политехнического университета, доктор химических наук
|f 1956-
|g Галина Борисовна
|3 (RuTPU)RU\TPU\pers\25643
|9 11554
|
| 701 |
|
1 |
|a Пичугина
|b В. М.
|c ХТФ
|f 1942-
|g Валентина Максимовна
|3 (RuTPU)RU\TPU\pers\4410
|
| 701 |
|
1 |
|a Климачев
|b Г. В.
|c кандидат технических наук
|c ХТФ
|f 1941-
|3 (RuTPU)RU\TPU\pers\4034
|
| 701 |
|
1 |
|a Каплин
|b А. А.
|c российский химик
|c профессор кафедры аналитической химии Томского политехнического института
|f 1937-1989
|g Анатолий Александрович
|3 (RuTPU)RU\TPU\pers\19797
|
| 712 |
0 |
2 |
|a Томский политехнический институт
|
| 801 |
|
2 |
|a RU
|b 63413507
|c 20170523
|g PSBO
|
| 942 |
|
|
|c BK
|